000 00528cam a2200193ua 4500
001 12005
005 20260515114827.0
008 200104n ii |||gr||||Z||||||eng
020 _a9788184555257
040 _cMAIN
082 _a155.25
100 _a Rajesh Kumar,
_eEditor.
245 _aPersonality development and group discussion
_cEdited By Rajesh Kumar
250 _a1st ed.
260 _aNew Delhi:
_bOmega Publications,
_c2014.
300 _a288p.
653 _aDifferential & developmental psychology
942 _cBK
999 _c10778
_d10778